| 000 | 00417nam a2200157Ia 4500 | ||
|---|---|---|---|
| 003 | GCL | ||
| 008 | 140319s9999 xx 000 0 eng d | ||
| 040 |
_aGCL / _cGCL |
||
| 082 | 0 | 4 |
_a320.12 _bL P |
| 100 | 1 | _aLA COSTE, YVES | |
| 245 | 1 | 0 |
_aPAYSAGES POLITIQUES: BRAUDEL GRACQ, RECLUS / _cLA COSTE, YVES |
| 260 |
_a[S.N] : _bLE LIVRE DE POCHE ، _c1990 |
||
| 300 | _a284 P | ||
| 650 | 0 | 4 | _aGEOPOLITICS |
| 942 |
_2ddc _cBK |
||
| 999 |
_c24709 _d24709 |
||